000
00331 a2200109 4500
001
ART_7993
005
20260410161639.0
008
260409a
245
1
0
_a
El impuesto sucesorio en los Estados Unidos
100
1
_a
Edelstein, Andrés M.
773
0
_t
Consultor tributario
_g
- Vol. 2, Nº 20 (oct. 2008)
_w
REV474
999
_c
13121
_d
13121